000 00427nam a2200169 a 4500
001 5254
003 CO-ViMGA
008 141112s2004 ck r 000 u spa d
040 _aCO-ViMGA
_bspa
_cCO-ViMGA
082 0 4 _aMIHm
245 1 0 _aMi hermanita es un monstruo
260 _aBarcelona :
_bEl arca de junior,
_c1993
300 _a29 p : il
490 _aCiempies, 10
650 1 4 _aCUENTOS INFANTILES
_92743
942 _2ddc
_cBK
999 _c17251
_d17251